[Event "GER-chT Betriebe 18th"]
[Site "Altenberg Zinnwald"]
[Date "2018.11.11"]
[Round "7.4"]
[White "Bond, Oliver"]
[Black "Mikoteit, Siegfried"]
[Result "1/2-1/2"]
[WhiteElo "1700"]
[BlackElo "1276"]
[PlyCount "51"]
[EventDate "2018.11.08"]
[EventType "team-swiss"]
[EventRounds "7"]
[EventCountry "GER"]
[SourceTitle "EXT 2020"]
[Source "ChessBase"]
[SourceDate "2019.10.17"]
[SourceVersion "1"]
[SourceVersionDate "2019.10.17"]
[SourceQuality "1"]
[WhiteTeam "Ludwigsfelde Stern"]
[BlackTeam "Bremen Airbus"]
[WhiteTeamCountry "GER"]
[BlackTeamCountry "GER"]

1. d4 d5 2. Bf4 Nf6 3. Nf3 e6 4. e3 Bd6 5. Bg5 Nbd7 6. Nc3 c6 7. Bd3 Qc7 8. e4 dxe4 9. Nxe4 Nxe4 10. Bxe4 h6 11. Bd2 Nf6 12. Bd3 Nd5 13. c3 Nf4 14. Bf1 b5 15. g3 Nd5 16. a4 bxa4 17. Rxa4 Nb6 18. Ra2 0-0 19. b4 e5 20. Be3 Be6 21. Ra1 Bc4 22. Bxc4 Nxc4 23. Qd3 Nxe3 24. dxe5 Bxe5 25. Nxe5 Qxe5 26. Qxe3 1/2-1/2

[Event "GER-chT Betriebe 17th"]
[Site "Berlin"]
[Date "2017.11.03"]
[Round "4.2"]
[White "Laijh, Anton"]
[Black "Mikoteit, Siegfried"]
[Result "1-0"]
[WhiteElo "1541"]
[BlackElo "1366"]
[PlyCount "113"]
[EventDate "2017.11.02"]
[EventType "team-swiss"]
[EventRounds "7"]
[EventCountry "GER"]
[SourceTitle "EXT 2020"]
[Source "ChessBase"]
[SourceDate "2019.10.17"]
[SourceVersion "1"]
[SourceVersionDate "2019.10.17"]
[SourceQuality "1"]
[WhiteTeam "Muenchen ADAC II"]
[BlackTeam "Bremen Airbus"]
[WhiteTeamCountry "GER"]
[BlackTeamCountry "GER"]

1. e4 e5 2. Nf3 Nc6 3. Bc4 Nf6 4. d3 h6 5. 0-0 d6 6. h3 Na5 7. Nbd2 Nxc4 8. Nxc4 Be6 9. Ne3 c5 10. c4 Be7 11. Nh2 0-0 12. f4 exf4 13. Rxf4 Nd7 14. Nf5 Bxf5 15. Rxf5 Bf6 16. Ng4 Bd4+ 17. Kh1 Qh4 18. Qf1 Ne5 19. Nxe5 Bxe5 20. Rf3 Rae8 21. Rb1 Re6 22. Qf2 Qxf2 23. Rxf2 Rf6 24. Rxf6 Bxf6 25. b3 Be5 26. g4 g5 27. Be3 Re8 28. Kg2 Re6 29. Re1 Kg7 30. Bf2 Kg6 31. Rh1 h5 32. gxh5+ Kxh5 33. Bg3 Bxg3 34. Kxg3 Rf6 35. Re1 Re6 36. Rf1 Kg6 37. Kg4 Re5 38. Rf3 f6 39. Rf1 Re8 40. Rf3 Rh8 41. Rf5 Kf7 42. a3 b6 43. b4 Rc8 44. Rd5 Ke6 45. b5 Ra8 46. Rf5 a6 47. a4 axb5 48. axb5 Ra3 49. Rf3 Ra8 50. Kh5 Rh8+ 51. Kg6 Ke5 52. Kg7 Rh4 53. Rf5+ Kd4 54. Rd5+ Ke3 55. Kxf6 Rxh3 56. Kxg5 Rg3+ 57. Kf5 1-0

[Event "GER-chT Betriebe 16th"]
[Site "Dresden"]
[Date "2016.11.05"]
[Round "5.3"]
[White "Lindemann, Thomas"]
[Black "Mikoteit, Siegfried"]
[Result "0-1"]
[WhiteElo "1536"]
[BlackElo "1288"]
[PlyCount "38"]
[EventDate "2016.11.03"]
[EventType "team-swiss"]
[EventRounds "7"]
[EventCountry "GER"]
[SourceTitle "EXT 2020"]
[Source "ChessBase"]
[SourceDate "2019.10.17"]
[SourceVersion "1"]
[SourceVersionDate "2019.10.17"]
[SourceQuality "1"]
[WhiteTeam "Hamburg Baubehoerde II"]
[BlackTeam "Bremen Airbus"]
[WhiteTeamCountry "GER"]
[BlackTeamCountry "GER"]

1. e4 e5 2. Bc4 Nf6 3. d3 h6 4. f4 Nc6 5. Nf3 d6 6. 0-0 Bg4 7. Qe1 a6 8. a3 Bxf3 9. Rxf3 Nd4 10. Rf2 Ng4 11. fxe5 Nxf2 12. Qxf2 Ne6 13. Bxe6 fxe6 14. d4 dxe5 15. Be3 Qd7 16. Nc3 exd4 17. Bxd4 0-0-0 18. Bxg7 Qxg7 19. Qa7 Qd4+ 0-1

[Event "GER-chT Betriebe 14th"]
[Site "Dresden"]
[Date "2014.11.23"]
[Round "7.2"]
[White "Mikoteit, Siegfried"]
[Black "Quast, Michael1111"]
[Result "0-1"]
[WhiteElo "1304"]
[BlackElo "1723"]
[PlyCount "82"]
[EventDate "2014.11.20"]
[EventType "team-swiss"]
[EventRounds "7"]
[EventCountry "GER"]
[SourceTitle "EXT 2020"]
[Source "ChessBase"]
[SourceDate "2019.10.17"]
[SourceVersion "1"]
[SourceVersionDate "2019.10.17"]
[SourceQuality "1"]
[WhiteTeam "Bremen Airbus"]
[BlackTeam "Berlin Tempelhof II"]
[WhiteTeamCountry "GER"]
[BlackTeamCountry "GER"]

1. e4 b6 2. d4 Bb7 3. Nc3 e6 4. a3 c5 5. d5 g6 6. Bc4 Bg7 7. Nge2 Qh4 8. Nb5 Be5 9. Qd3 a6 10. g3 Qd8 11. dxe6 fxe6 12. Nbc3 Nc6 13. Be3 b5 14. Ba2 c4 15. Qd2 Nge7 16. f3 0-0 17. 0-0 Qc7 18. Rad1 Rad8 19. Bf4 Bxf4 20. Nxf4 Ne5 21. Qe3 Bc6 22. b3 Ba8 23. bxc4 Nxc4 24. Bxc4 Qxc4 25. Qd3 Qc5+ 26. Kg2 Qg5 27. Nce2 Nc6 28. h4 Qh6 29. Qd6 Qg7 30. c3 Bb7 31. Rd2 Ne5 32. Rd4 Nc4 33. Kf2 Nxd6 34. Rxd6 Bc6 35. Rfd1 Qf7 36. Nd4 e5 37. Nxc6 exf4 38. g4 dxc6 39. Rxd8 Rxd8 40. Rxd8+ Kg7 41. Rd2 Qc4 0-1

[Event "GER-chT Betriebe 14th"]
[Site "Dresden"]
[Date "2014.11.21"]
[Round "3.2"]
[White "Brethauer, Tim"]
[Black "Mikoteit, Siegfried"]
[Result "1/2-1/2"]
[WhiteElo "1641"]
[BlackElo "1304"]
[PlyCount "52"]
[EventDate "2014.11.20"]
[EventType "team-swiss"]
[EventRounds "7"]
[EventCountry "GER"]
[SourceTitle "EXT 2020"]
[Source "ChessBase"]
[SourceDate "2019.10.17"]
[SourceVersion "1"]
[SourceVersionDate "2019.10.17"]
[SourceQuality "1"]
[WhiteTeam "Stuttgart Sparkassen-Vers II"]
[BlackTeam "Bremen Airbus"]
[WhiteTeamCountry "GER"]
[BlackTeamCountry "GER"]

1. e4 e5 2. Nf3 Nc6 3. Bb5 d6 4. Bxc6+ bxc6 5. d4 Bg4 6. dxe5 Bxf3 7. Qxf3 dxe5 8. 0-0 Bd6 9. Nc3 h6 10. Rd1 Qf6 11. Qxf6 Nxf6 12. Rd3 0-0-0 13. Be3 c5 14. f3 Kb7 15. Rad1 a6 16. Kf1 Kc6 17. Ne2 Be7 18. Rxd8 Rxd8 19. Rxd8 Bxd8 20. c4 Nd7 21. b3 Kb6 22. Bd2 Bg5 23. Bxg5 hxg5 24. Nc3 c6 25. a3 Kc7 26. Kf2 Nf6 1/2-1/2